00439nam a22001457a 4500003000400000005001700004008004100021020001800062040000900080082002200089100002000111245010100131260005200232300000900284OSt20210226121255.0210226b ||||| |||| 00| 0 eng d a9788178243863 coclc a954.025072bALA/W aAlam, Muzaffar  aWriting The Mughal World /bStudies In Political Culture cMuzaffar Alam ; Sanjay Subrahmanyam  aNew Delhi:bPermanent Black Publication,c2014. a516p